| 000 | 01106nas a2200361 4500 | ||
|---|---|---|---|
| 001 | BR2017003101 | ||
| 003 | BR-BrBNA | ||
| 005 | 20231205131140.0 | ||
| 007 | ta | ||
| 008 | 230509b bl.|||p| |||| 00| 00por d | ||
| 040 |
_aBR-BrBNA _bpor _cBiblioteca Nacional de Agricultura |
||
| 041 | _a(En) | ||
| 072 | _aT01; P33 | ||
| 100 | 1 | _aBrunetto, G. | |
| 100 | 1 | _aComin, J.J. | |
| 100 | 1 | _aMiotto, A. | |
| 100 | 1 | _aMoraes, M.P. de | |
| 100 | 1 | _aSete, P.B. | |
| 100 | 1 | _aSchmitt, D.E. | |
| 100 | 1 | _aGatiboni, L.C. | |
| 100 | 1 | _aMelo, G.W.B. de | |
| 100 | 1 | _aMorais, G.P. | |
| 245 | 1 | _aCopper and zinc accumulation, fractionation and migration in vineyard soils from Santa Catarina State, Brazil | |
| 650 | _aANÁLISE DO SOLO | ||
| 650 | _aTOXIDEZ | ||
| 650 | _aCONTAMINAÇÃO | ||
| 650 | _aMEIO AMBIENTE | ||
| 650 | _aUVA | ||
| 773 | 0 |
_tBragantia (Brazil) _xISSN 1678-4499 _g(Jan-Mar 2018), v. 77(1) p. 141-151 _wBR2017003101 |
|
| 856 | 4 | 0 | _uhttp://www.scielo.br/pdf/brag/v77n1/0006-8705-brag-1678-44992016391.pdf |
| 909 |
_a202311 _bLúcia _c55 _dLúcia Elande |
||
| 942 |
_2AGRIS _n0 _cANA |
||
| 999 |
_c253258 _d253258 |
||